000 00779nam a2200289Ia 4500
008 160803s9999 xx 000 0 und d
020 _a0 439180317
100 _aNeuschwander, Cindy
245 _aSir Cumference and the dragon of pi :
245 _ba math adventure /
245 _cby Cindy Neuschwander ; illustrated by Wayne Geehan.
260 _aNew York :
260 _bScholastic Inc.
260 _c2000
300 _a32 pages :
300 _bcolor illustrations ;
300 _c24 cm
650 _aCircle --
650 _aDragons --
650 _aKnights and knighthood --
650 _aPi --
650 _xJuvenile fiction.
650 _xJuvenile fiction.
650 _xJuvenile fiction.
650 _xJuvenile fiction.
700 _a390
999 _c299226
_d299226